000 00755nam a22002531a 4500
001 34511
003 BD-RjUL
005 20211209052154.0
008 140517s1962 nyu b 001 0 eng d
035 _a(BD-RjUL)34605
040 _aLC
_beng
_cLC
_dLC
_dBD-RjUL
041 _aeng
082 0 4 _a333.77
_bWIU 1962
100 1 _aWillhelm, Sidney M.
_9104975
245 1 0 _aUrban zoning and land-use theory.
_cSidney M. Willhelm.
260 _aNew York :
_bFree Press of Glencoe
_c1962.
300 _ax, 244 p. :
_c22 cm.
504 _aIncludes bibliographical references and index.
650 0 _aLand use
_zUnited States.
_9104976
650 0 _aZoning
_zUnited States.
_9104977
942 _2ddc
_cBK
999 _c34511
_d34511